000 01011nam a22003137a 4500
001 BR7902268
003 BR-BrBNA
005 20230928090006.0
007 ta
008 230509b bl.||||| |||| 00| 0 por d
040 _aBR-BrBNA
_bpor
_cBiblioteca Nacional de Agricultura
041 _a(Por)
072 _aE70
_b1000
_b1050
_b1030
_b1060
_b/G514
090 _ 1000 BR7902268
110 1 _aFundacao de Economia e Estatistica, Porto Alegre, RS (Brasil)
_94853
245 1 _aDiagnostico da comercializacao dos citrus [Laranja; Tangerina; Limao; Mercado; Rio Grande do Sul; Brasil]
_bPrograma Comercializacao do Rio Grande do Sul. Produtos selecionados da lavoura, v. 8
260 3 _aPorto Alegre, RS (Brasil):
_c1978.
300 _a117 p.
500 _a48 tables
650 _aComercializacao
650 _aFruta citrica
650 _aLaranja
650 _aTangerina
650 _aLimao
650 _aMercado
650 _aRio Grande do Sul
909 _a202309
_bLucia
_c55
_dLucia Elande
942 _cBK
999 _c27343
_d27343